000 00448nam a2200193Ia 4500
003 OSt
005 20221005113712.0
006 a|||||r|||| 00| 0
007 ta
008 221004b |||||||| |||| 00| 0 eng d
024 _a112928
037 _cTextual
040 _aCRL
_cCRL
_beng
041 _2eng
_aeng
100 _aAanand Malak Raj
_9624783
245 0 _aAchhoot
942 _cTEXL
_2cc
999 _c1028972
_d1028972